000 00720nam a2200253Ia 4500
003 OSt
005 20220918175010.0
006 a|||||r|||| 00| 0
007 ta
008 220917b |||||||| |||| 00| 0 eng d
024 _a15,088
037 _cTextual
040 _aARTS
_cARTS
_beng
041 _2eng
_aeng
082 _aOw,1:g, M8
100 _aElbaz Robert
_952467
245 0 _aChanging nature of the self
_b A critical study of the autobiographic discourse
260 _aLodon
_bCroom Helm
_c1988
300 _aix,189p.
_ccm.
500 _aReferences 158-86p; Includes index
650 _aENGLISH LITERATURE
942 _hOw,1:g, M8
_cTEXL
_2CC
999 _c155544
_d155544